<?xml version="1.0" encoding="UTF-8"?>
<record
    xmlns:xsi="http://www.w3.org/2001/XMLSchema-instance"
    xsi:schemaLocation="http://www.loc.gov/MARC21/slim http://www.loc.gov/standards/marcxml/schema/MARC21slim.xsd"
    xmlns="http://www.loc.gov/MARC21/slim">

  <leader>01750nam a2200433 i 4500</leader>
  <controlfield tag="005">20220317001947.0</controlfield>
  <controlfield tag="007">ta</controlfield>
  <controlfield tag="008">210818s2019    ck a   er     000 0 spa d</controlfield>
  <datafield tag="020" ind1=" " ind2=" ">
    <subfield code="a">9789585602373</subfield>
  </datafield>
  <datafield tag="040" ind1=" " ind2=" ">
    <subfield code="a">CO-BoRNBP</subfield>
    <subfield code="b">spa</subfield>
    <subfield code="e">rda</subfield>
    <subfield code="c">CO-BoRNBP</subfield>
  </datafield>
  <datafield tag="041" ind1="0" ind2=" ">
    <subfield code="a">spa</subfield>
  </datafield>
  <datafield tag="082" ind1="0" ind2="4">
    <subfield code="a">398.9861 </subfield>
    <subfield code="b">C66</subfield>
    <subfield code="2">22</subfield>
  </datafield>
  <datafield tag="245" ind1="0" ind2="0">
    <subfield code="a">Coraz&#xF3;n coplero</subfield>
    <subfield code="b">una reedici&#xF3;n de El coplero campesino de Acci&#xF3;n Cultural Popular (ACPO) y Radio Sutatenza</subfield>
    <subfield code="c">textos Astrid &#xC1;vila ... [y otros seis] ; dibujos Daniela Orrego ...  [y otros cinco]</subfield>
  </datafield>
  <datafield tag="250" ind1=" " ind2=" ">
    <subfield code="a">Segunda edici&#xF3;n</subfield>
  </datafield>
  <datafield tag="264" ind1=" " ind2="1">
    <subfield code="a">Bogot&#xE1;</subfield>
    <subfield code="b">La Jaula Publicaciones</subfield>
    <subfield code="c">2019</subfield>
  </datafield>
  <datafield tag="300" ind1=" " ind2=" ">
    <subfield code="a">158 p&#xE1;ginas</subfield>
    <subfield code="b">ilustraciones </subfield>
    <subfield code="c">18 cm</subfield>
  </datafield>
  <datafield tag="336" ind1=" " ind2=" ">
    <subfield code="2">rdacontent</subfield>
    <subfield code="a">texto</subfield>
    <subfield code="b">txt</subfield>
  </datafield>
  <datafield tag="337" ind1=" " ind2=" ">
    <subfield code="2">rdamedia</subfield>
    <subfield code="a">sin mediaci&#xF3;n</subfield>
    <subfield code="b">n</subfield>
  </datafield>
  <datafield tag="338" ind1=" " ind2=" ">
    <subfield code="2">rdacarrier</subfield>
    <subfield code="a">volumen</subfield>
    <subfield code="b">nc</subfield>
  </datafield>
  <datafield tag="521" ind1=" " ind2=" ">
    <subfield code="a">Recomendado para p&#xFA;blico adulto</subfield>
  </datafield>
  <datafield tag="650" ind1="1" ind2="7">
    <subfield code="a">Campesinos</subfield>
    <subfield code="x">Vida social y costumbres</subfield>
    <subfield code="z">Colombia </subfield>
    <subfield code="2">LEMB</subfield>
  </datafield>
  <datafield tag="650" ind1="1" ind2="7">
    <subfield code="a">Canciones folcl&#xF3;ricas colombianas</subfield>
    <subfield code="2">LEMB</subfield>
  </datafield>
  <datafield tag="650" ind1="1" ind2="7">
    <subfield code="a">Folclor campesino</subfield>
    <subfield code="z">Colombia</subfield>
    <subfield code="2">LEMB</subfield>
  </datafield>
  <datafield tag="650" ind1="1" ind2="7">
    <subfield code="a">Poes&#xED;a colombiana</subfield>
    <subfield code="x">Colecciones</subfield>
    <subfield code="2">LEMB</subfield>
  </datafield>
  <datafield tag="700" ind1="1" ind2=" ">
    <subfield code="a">Orrego, Daniela</subfield>
    <subfield code="e">ilustradora</subfield>
    <subfield code="9">135130</subfield>
  </datafield>
  <datafield tag="700" ind1="1" ind2=" ">
    <subfield code="a">Moreno, Raquel Sof&#xED;a </subfield>
    <subfield code="e">ilustradora</subfield>
    <subfield code="9">135131</subfield>
  </datafield>
  <datafield tag="700" ind1="1" ind2=" ">
    <subfield code="a">Rosillo, Juan Sebastian</subfield>
    <subfield code="e">ilustrador</subfield>
    <subfield code="9">182746</subfield>
  </datafield>
  <datafield tag="700" ind1="1" ind2=" ">
    <subfield code="a">Hern&#xE1;ndez, Manuel</subfield>
    <subfield code="e">ilustrador</subfield>
    <subfield code="9">182747</subfield>
  </datafield>
  <datafield tag="700" ind1="1" ind2=" ">
    <subfield code="a">Carulla, Helena</subfield>
    <subfield code="e">ilustradora</subfield>
    <subfield code="9">182748</subfield>
  </datafield>
  <datafield tag="700" ind1="1" ind2=" ">
    <subfield code="a">S&#xE1;nchez, Mart&#xED;n</subfield>
    <subfield code="e">ilustrador</subfield>
    <subfield code="9">182749</subfield>
  </datafield>
  <datafield tag="700" ind1="1" ind2=" ">
    <subfield code="a">M&#xE9;ndez, Consuelo </subfield>
    <subfield code="e">autora</subfield>
    <subfield code="9">34391</subfield>
  </datafield>
  <datafield tag="700" ind1="1" ind2=" ">
    <subfield code="a">&#xC1;vila, Astrid</subfield>
    <subfield code="e">autora</subfield>
    <subfield code="9">135137</subfield>
  </datafield>
  <datafield tag="700" ind1="1" ind2=" ">
    <subfield code="a">Angarita Bernal, Juan Pablo</subfield>
    <subfield code="e">autor</subfield>
    <subfield code="9">135132</subfield>
  </datafield>
  <datafield tag="700" ind1="1" ind2=" ">
    <subfield code="a">Perilla, Jos&#xE9; </subfield>
    <subfield code="e">autor</subfield>
    <subfield code="9">135134</subfield>
  </datafield>
  <datafield tag="700" ind1="1" ind2=" ">
    <subfield code="a">Conto, Juan Pablo</subfield>
    <subfield code="e">autor</subfield>
    <subfield code="9">135135</subfield>
  </datafield>
  <datafield tag="700" ind1="1" ind2=" ">
    <subfield code="a">Supelano, Gabriela </subfield>
    <subfield code="e">autora</subfield>
    <subfield code="9">135136</subfield>
  </datafield>
  <datafield tag="700" ind1="1" ind2=" ">
    <subfield code="a">&#xC1;lvarez, Santiago</subfield>
    <subfield code="e">autor</subfield>
    <subfield code="9">135138</subfield>
  </datafield>
  <datafield tag="942" ind1=" " ind2=" ">
    <subfield code="2">ddc</subfield>
    <subfield code="c">BK</subfield>
  </datafield>
  <datafield tag="999" ind1=" " ind2=" ">
    <subfield code="c">8703</subfield>
    <subfield code="d">8703</subfield>
  </datafield>
</record>
